The Listerdale mystery (Record no. 481809)

000 -LEADER
fixed length control field 00466 a2200157 4500
020 ## - INTERNATIONAL STANDARD BOOK NUMBER
International Standard Book Number 0006167365
082 ## - DEWEY DECIMAL CLASSIFICATION NUMBER
Classification number 823.912
090 ## - LOCALLY ASSIGNED LC-TYPE CALL NUMBER (OCLC); LOCAL CALL NUMBER (RLIN)
-- 1008
-- 1008
100 ## - MAIN ENTRY--PERSONAL NAME
Personal name Agatha Christie
245 ## - TITLE STATEMENT
Title The Listerdale mystery
Statement of responsibility, etc. Agatha Christie
260 ## - PUBLICATION, DISTRIBUTION, ETC.
Place of publication, distribution, etc. London,
Name of publisher, distributor, etc. Collins
Date of publication, distribution, etc. 1934.
300 ## - PHYSICAL DESCRIPTION
Extent 223 p. ;
Other physical details 20 cm.
500 ## - GENERAL NOTE
General note Includes Index
650 ## - SUBJECT ADDED ENTRY--TOPICAL TERM
Topical term or geographic name entry element .Detective and mystery stories, English. 2.Christie, Agatha, 1890-1976--Criticism and interpretation.3.
942 ## - ADDED ENTRY ELEMENTS (KOHA)
Koha item type Book
Holdings
Withdrawn status Lost status Source of classification or shelving scheme Damaged status Not for loan Permanent Location Current Location Date acquired Total Checkouts Full call number Barcode Date last seen Price effective from Koha item type
          School of Civil and Environmental Engineering (SCEE) School of Civil and Environmental Engineering (SCEE) 01/23/2020   823.912 NIT-9391 01/23/2020 01/23/2020 Book
© 2023 Central Library, National University of Sciences and Technology. All Rights Reserved.